Figure Out The Lyrics IV Quiz Stats

 Plays Quiz not verified by Sporcle

Score 0/118 Timer 08:00
0 Plays Today
... LYRICS % Correct
and
99.3%
And
99.3%
a
99.3%
And
99.3%
a
99.3%
The
99.3%
the
99.3%
the
99.3%
the
99.3%
and
99.3%
And
99.3%
a
99.3%
a
99.3%
I
98.7%
I
98.7%
I
98.7%
I
98.7%
I
98.7%
I
98.7%
'I
98.7%
I
98.7%
I
98.7%
I
98.7%
I
98.7%
you.
93.8%
you
93.8%
you'.
93.8%
love
89.2%
to
82.7%
to
82.7%
to
82.7%
to
82.7%
me
82.4%
of
76.8%
of
76.8%
of
76.8%
of
76.8%
of
76.8%
do
76.8%
do'.
76.8%
... LYRICS % Correct
on
76.1%
in
75.5%
what
74.5%
what
74.5%
what
74.5%
what
74.5%
for
73.5%
too.
64.7%
'How
63.7%
are
61.4%
see
61.1%
see
61.1%
see
61.1%
see
61.1%
so
60.5%
know.
55.9%
think
55.6%
think
55.6%
think
55.6%
Think
55.6%
world.
52.9%
world.
52.9%
world.
52.9%
world
52.9%
myself,
51.6%
myself,
51.6%
myself,
51.6%
myself,
51.6%
wonderful
51%
wonderful
51%
wonderful
51%
wonderful
51%
them
49%
them
49%
ever
46.4%
I'll
46.1%
green,
45.8%
red
45.1%
by.
44.4%
roses
43.5%
... LYRICS % Correct
blue,
43.1%
skies
42.8%
than
39.9%
trees
39.5%
clouds
38.9%
They're
38.2%
hear
36.9%
white
36.3%
saying
36.3%
saying
36.3%
more
32%
Yes,
31.7%
going
31.4%
people
31%
sky,
30.4%
days,
29.1%
bloom
27.5%
nights.
26.8%
really
26.5%
dark
25.2%
rainbow
25.2%
They'll
24.2%
Bright
22.9%
faces,
22.9%
friends
22.5%
much
22.5%
watch
21.9%
colours
21.6%
hands
21.6%
pretty
20.9%
shaking
19.6%
grow.
19.3%
cry
19%
babies
17.6%
learn
16%
also
15.4%
blessed
13.1%
sacred
12.4%

You're not logged in!

Compare scores with friends on all Sporcle quizzes.
OR
Log In

Show Comments

Extras

Top Quizzes Today


Score Distribution

Your Account Isn't Verified!

In order to create a playlist on Sporcle, you need to verify the email address you used during registration. Go to your Sporcle Settings to finish the process.

Report this User

Report this user for behavior that violates our Community Guidelines.

Details: